Discrimanation Diversite Rapport Annuel 2008

Saved in:
Bibliografiske detaljer
Institution som forfatter: Centre pour l'égalité des chances et la lutte contre le racisme
Format: Bog
Sprog:engelsk
Udgivet: Bruxelles Centre pour l'égalité des chances et la lutte contre le racisme 2009
Tags: Tilføj Tag
Ingen Tags, Vær først til at tagge denne postø!

MARC

LEADER 00000nam a2200000 4500
005 20240605175741.0
008 240605b |||||||| |||| 00| 0 eng d
040 |c GP 
110 |a Centre pour l'égalité des chances et la lutte contre le racisme 
245 |a Discrimanation Diversite  |b Rapport Annuel 2008 
260 |a Bruxelles  |b Centre pour l'égalité des chances et la lutte contre le racisme  |c 2009 
942 |2 ddc  |c BK  |n 0 
952 |0 0  |1 0  |2 ddc  |4 0  |6 306_766000000000000_CEN  |7 1  |9 1355  |a RM  |b RM  |d 2024-06-05  |l 0  |o 306.766 CEN  |p 186  |r 2024-06-05 17:58:01  |w 2024-06-05  |y BK 
999 |c 1245  |d 1245